| 000 | 00824nam a2200277 a 4500 | ||
|---|---|---|---|
| 001 | BRL_1438 | ||
| 005 | 20190320211215.0 | ||
| 008 | 140114s1978----nyuaob####---#000-0#eng-# | ||
| 020 | _a0823021580 | ||
| 041 | _aeng | ||
| 044 | _anyu | ||
| 050 | 4 |
_aTT848 _b.A53 1978 |
|
| 100 | 1 |
_aAnderson, Marilyn _d1937- _926910 |
|
| 245 | 1 | 0 |
_aGuatemalan textiles today _cby Marilyn Anderson. |
| 260 |
_aNew York _bWatson-Guptill Publications _c1978 |
||
| 300 |
_a200 p. _bil., fotografías, mapas _c29 cm. |
||
| 500 | _aAu1678 | ||
| 500 | _aIncluye índice y glosario | ||
| 504 | _aBibliografía: p. 197-198. | ||
| 650 | 1 | 4 |
_aTejido a mano _zGuatemala _926533 |
| 650 | 1 | 4 |
_aTelas _zGuatemala _926499 |
| 650 | 1 | 4 |
_aTextiles _zGuatemala _926498 |
| 650 | 1 | 4 |
_aArtesanias textiles _zGuatemala _926911 |
| 902 | _aGRL | ||
| 942 |
_2lcc _cB |
||
| 999 |
_c10248 _d10248 |
||